Making the most of models (Record no. 77031)
[ view plain ]
| 000 -LEADER | |
|---|---|
| fixed length control field | 01046cab a2200169 4500 |
| 001 - CONTROL NUMBER | |
| control field | ##L133483 |
| 008 - FIXED-LENGTH DATA ELEMENTS--GENERAL INFORMATION | |
| fixed length control field | 060512n2006 000 0 eng u |
| 035 ## - SYSTEM CONTROL NUMBER | |
| System control number | (Sirsi) u133483 |
| 041 0# - LANGUAGE CODE | |
| Language code of text/sound track or separate title | eng |
| 245 00 - TITLE STATEMENT | |
| Title | Making the most of models |
| 260 ## - PUBLICATION, DISTRIBUTION, ETC. | |
| Date of publication, distribution, etc. | 2006 |
| 490 #0 - SERIES STATEMENT | |
| Series statement | Project |
| Volume/sequential designation | 18(10) May 2006, 21(1) |
| 520 ## - SUMMARY, ETC. | |
| Summary, etc. | Reports on the Association for Project Management's Organisational Models Project which aims to give guidance to organisations in deciding which of the many project management maturity and organisational models now available is appropriate for their needs. Research indicates that these models are used to gain tangible benefits, and that many practitioners are cautious about using them for prescribing the way to improve. It has also become clear that there is little understanding of the market for project improvement models, and that more information, clarification and guidance is required. |
| 590 ## - LOCAL NOTE (RLIN) | |
| Local note | IKA230506 |
| 690 ## - LOCAL SUBJECT ADDED ENTRY--TOPICAL TERM (OCLC, RLIN) | |
| Topical term or geographic name as entry element | MANAGEMENT-PROJECT MANAGEMENT-PROJECT APPRAISAL-PROJECT PERFORMANCE MEASUREMENT |
| 942 ## - ADDED ENTRY ELEMENTS (KOHA) | |
| Suppress in OPAC | 0 |
| Withdrawn status | Lost status | Source of classification or shelving scheme | Damaged status | Not for loan | Home library | Current library | Shelving location | Date acquired | Total Checkouts | Full call number | Barcode | Date last seen | Copy number | Price effective from | Koha item type |
|---|---|---|---|---|---|---|---|---|---|---|---|---|---|---|---|
| Dewey Decimal Classification | London | London | Journal article | 12/05/2006 | L133483 | 133483-1001 | 06/08/2019 | 1 | 06/08/2019 | Journal article |